[Event "Chelmno op 4th"]
[Site "Chelmno"]
[Date "2021.??.??"]
[Round "1"]
[White "Kaznowski, Daniel"]
[Black "Szymanski, Jan"]
[Result "0-1"]
[WhiteElo "1501"]
[BlackElo "1694"]
[PlyCount "100"]
[EventDate "2021.07.19"]
[EventType "swiss"]
[EventRounds "9"]
[EventCountry "POL"]
[SourceTitle "EXT 2022"]
[Source "ChessBase"]
[SourceDate "2021.10.06"]
[SourceVersion "1"]
[SourceVersionDate "2021.10.06"]
[SourceQuality "1"]

1. e4 c5 2. Nf3 Nc6 3. Bc4 e6 4. e5 d5 5. Bb5 Bd7 6. 0-0 Nxe5 7. Bxd7+ Nxd7 8. d4 Ngf6 9. Ne5 Bd6 10. Bf4 Qc7 11. Nxd7 Qxd7 12. Be5 Qc7 13. Bxd6 Qxd6 14. Nc3 0-0 15. Qd3 cxd4 16. Qxd4 a6 17. Qh4 Rac8 18. Rad1 b5 19. a3 Rfd8 20. Rd3 Rc4 21. f4 Qc5+ 22. Kh1 d4 23. Ne4 Qf5 24. Rg3 Kh8 25. Ng5 Rd7 26. c3 d3 27. Rgf3 d2 28. Rd1 h6 29. Rff1 Qxg5 30. fxg5 Rxh4 31. gxf6 gxf6 32. Rxf6 Kg7 33. Rf2 Re4 34. Rff1 Re5 35. h3 Kg6 36. Kh2 f5 37. Rf2 Red5 38. Kg3 e5 39. Kf3 Rd3+ 40. Ke2 e4 41. Rf4 Kg5 42. Rff1 f4 43. Rg1 Kh4 44. Kf2 Rg3 45. Rdf1 Rdg7 46. Rd1 e3+ 47. Ke2 Rxg2+ 48. Rxg2 Rxg2+ 49. Kf3 Rf2+ 50. Ke4 e2 0-1

[Event "POL-ch rapid"]
[Site "Zgierz"]
[Date "2018.03.04"]
[Round "1"]
[White "Szymanski, Jan"]
[Black "Olszewski, Michal"]
[Result "0-1"]
[WhiteElo "1709"]
[BlackElo "2538"]
[PlyCount "60"]
[EventDate "2018.03.04"]
[EventType "swiss (rapid)"]
[EventRounds "9"]
[EventCountry "POL"]
[SourceTitle "CBM 183 Extra"]
[Source "ChessBase"]
[SourceDate "2018.04.19"]
[SourceVersion "1"]
[SourceVersionDate "2018.04.19"]
[SourceQuality "1"]

1. d4 Nf6 2. Nf3 e6 3. Bf4 b6 4. e3 Bb7 5. Bd3 d6 6. h3 Nbd7 7. 0-0 h6 8. Nbd2 g5 9. Bg3 Rg8 10. e4 g4 11. hxg4 Nxg4 12. c4 Qf6 13. Qa4 Qg7 14. b4 Nxf2 15. Rxf2 Qxg3 16. c5 dxc5 17. bxc5 c6 18. Rb1 Nxc5 19. Qc2 Nxd3 20. Qxd3 0-0-0 21. Nb3 Bd6 22. a4 Bc7 23. a5 Rg5 24. Qc4 Rh5 25. axb6 axb6 26. Qb4 Rg8 27. Nc5 Rh1+ 28. Kxh1 Qxf2 29. Rg1 Rg4 30. e5 Rh4+ 0-1

[Event "Wloclawek CC Classic 21st"]
[Site "Wloclawek"]
[Date "2018.??.??"]
[Round "6"]
[White "Jablonski, Mariusz"]
[Black "Szymanski, Jan"]
[Result "1/2-1/2"]
[WhiteElo "2114"]
[BlackElo "1709"]
[PlyCount "80"]
[EventDate "2018.06.??"]
[EventType "swiss"]
[EventRounds "7"]
[EventCountry "POL"]
[SourceTitle "EXT 2021"]
[Source "ChessBase"]
[SourceDate "2020.10.23"]
[SourceVersion "1"]
[SourceVersionDate "2020.10.23"]
[SourceQuality "1"]

1. e4 e5 2. d3 c5 3. Nf3 Nc6 4. g3 d6 5. Bg2 Be7 6. 0-0 Nf6 7. c3 0-0 8. Re1 Bg4 9. h3 Bh5 10. g4 Bg6 11. Nh4 Rb8 12. a4 a6 13. Nf5 Bxf5 14. gxf5 h6 15. Nd2 b5 16. axb5 axb5 17. Kh1 Qb6 18. Qe2 Ra8 19. Rxa8 Rxa8 20. Rg1 b4 21. Nc4 Qd8 22. Bf1 Kh7 23. f4 bxc3 24. bxc3 Nd7 25. Qg2 Qf8 26. Be3 Na5 27. d4 cxd4 28. cxd4 Bf6 29. Nxa5 Rxa5 30. Qd2 Qd8 31. fxe5 dxe5 32. d5 Qa8 33. Qc2 Ra3 34. Bc1 Ra5 35. Rg3 Rc5 36. Rc3 Qc8 37. Rxc5 Qxc5 38. Qxc5 Nxc5 39. Bg2 Bd8 40. Be3 Be7 1/2-1/2

[Event "Wloclawek CC Classic 21st"]
[Site "Wloclawek"]
[Date "2018.??.??"]
[Round "1"]
[White "Lapinski, Jerzy"]
[Black "Szymanski, Jan"]
[Result "0-1"]
[WhiteElo "1266"]
[BlackElo "1709"]
[PlyCount "74"]
[EventDate "2018.06.??"]
[EventType "swiss"]
[EventRounds "7"]
[EventCountry "POL"]
[SourceTitle "EXT 2021"]
[Source "ChessBase"]
[SourceDate "2020.10.23"]
[SourceVersion "1"]
[SourceVersionDate "2020.10.23"]
[SourceQuality "1"]

1. d4 d5 2. c4 c6 3. Nf3 Nf6 4. Bf4 e6 5. Nc3 dxc4 6. a4 Nd5 7. Bg3 Bd6 8. Bxd6 Qxd6 9. e4 Nxc3 10. bxc3 b5 11. e5 Qd7 12. Be2 Na6 13. Rb1 Nc7 14. 0-0 0-0 15. Qc2 h6 16. Rfd1 a6 17. Ne1 Nd5 18. Bf3 Qe7 19. g3 Bd7 20. Ra1 c5 21. a5 Bc6 22. Qc1 Rfd8 23. Ng2 cxd4 24. Rxd4 Qb7 25. Rg4 f5 26. Rh4 Ne7 27. Bxc6 Nxc6 28. g4 Nxe5 29. Rh3 Nxg4 30. Rg3 Rd3 31. Ne3 Nxe3 32. fxe3 Rad8 33. Qf1 Qd7 34. Qf4 Rd1+ 35. Rxd1 Qxd1+ 36. Kg2 Rd2+ 37. Kh3 Qh5+ 0-1

[Event "Wloclawek CC Classic 21st"]
[Site "Wloclawek"]
[Date "2018.??.??"]
[Round "5"]
[White "Sivickis, Wiktoria"]
[Black "Szymanski, Jan"]
[Result "1-0"]
[WhiteElo "1582"]
[BlackElo "1709"]
[PlyCount "115"]
[EventDate "2018.06.??"]
[EventType "swiss"]
[EventRounds "7"]
[EventCountry "POL"]
[SourceTitle "EXT 2021"]
[Source "ChessBase"]
[SourceDate "2020.10.23"]
[SourceVersion "1"]
[SourceVersionDate "2020.10.23"]
[SourceQuality "1"]

1. e4 e5 2. Nf3 Nc6 3. Bb5 a6 4. Ba4 Nf6 5. 0-0 Be7 6. Re1 b5 7. Bb3 0-0 8. c3 d5 9. exd5 Nxd5 10. Nxe5 Nxe5 11. Rxe5 c6 12. Bxd5 cxd5 13. d4 Bd6 14. Re1 Qh4 15. g3 Qh3 16. Qf3 Bg4 17. Qxd5 Rae8 18. Be3 Re6 19. Nd2 Rfe8 20. Qg2 Qh5 21. a4 f5 22. Qd5 Kh8 23. axb5 axb5 24. Ra8 Rxa8 25. Qxe6 f4 26. Qxd6 fxe3 27. fxe3 h6 28. d5 Qg5 29. Ne4 Qh5 30. Nf2 Bf3 31. e4 Ra2 32. Qb8+ Kh7 33. Qxb5 Qg5 34. Qd3 Bh5 35. Qe3 Ra1 36. Kg2 Rxe1 37. Qxe1 Qe5 38. Nd3 Qd6 39. c4 Bg6 40. Nf4 Be8 41. e5 Qb6 42. Qc3 g5 43. Ne6 Qa7 44. Qa3 Qb7 45. b4 Bf7 46. Qd3+ Kg8 47. Nd8 Qxb4 48. Nxf7 Qb2+ 49. Kh3 Kxf7 50. e6+ Kf6 51. g4 Qc1 52. Qf5+ Ke7 53. Qf7+ Kd6 54. Qf8+ Ke5 55. e7 Qe3+ 56. Kg2 Qe2+ 57. Kg3 Qe1+ 58. Qf2 1-0

[Event "Wloclawek CC Classic 19th"]
[Site "Wloclawek"]
[Date "2017.??.??"]
[Round "4"]
[White "Szymanski, Jan"]
[Black "Olechnicki, Krzysztof"]
[Result "1-0"]
[WhiteElo "1689"]
[BlackElo "1379"]
[PlyCount "43"]
[EventDate "2017.06.??"]
[EventType "swiss"]
[EventRounds "7"]
[EventCountry "POL"]
[SourceTitle "EXT 2021"]
[Source "ChessBase"]
[SourceDate "2020.10.23"]
[SourceVersion "1"]
[SourceVersionDate "2020.10.23"]
[SourceQuality "1"]

1. e4 e6 2. d4 d5 3. e5 c5 4. c3 Nc6 5. Nf3 Qb6 6. Bd3 Bd7 7. 0-0 cxd4 8. cxd4 Nxd4 9. Nxd4 Qxd4 10. Nc3 Qxe5 11. Re1 Qb8 12. Nxd5 Be7 13. Bf4 Bd6 14. Bg3 Bxg3 15. hxg3 Ne7 16. Nxe7 Kxe7 17. Qg4 Qd6 18. Rad1 g6 19. Bb5 h5 20. Qh4+ f6 21. Rxd6 Kxd6 22. Rd1+ 1-0